000 00352nam a22001337a 4500
008 251106b |||||||| |||| 00| 0 eng d
020 _aB81582703427A
082 _a332.11 EBC
100 _aEastern Book Company
245 _aReserve Bank of India Act, 1934
260 _aNew Delhi
_bEastern Book Company
_c2024
300 _aiv, 157 pages
942 _cC
999 _c64038
_d64038